Statistics for All Victoria's Secret Angels

Click here to take the quiz!

General Stats

  • This quiz has been taken 29 times
  • The average score is 21 of 41

Answer Stats

ContractNationalityModel% Correct
2000–2018BrazilianAdriana Lima
96%
2000–2007BrasilianGisele Bündchen
96%
2010–2018South AfricanCandice Swanepoel
87%
2015–2020SwedishElsa Hosk
83%
2004–2017BrazilianAlessandra Ambrosio
78%
1999–2010GermanHeidi Klum
78%
2015–2021DutchRomee Strijd
70%
2015–2021PortugueseSara Sampaio
70%
1997–2005AmericanTyra Banks
70%
2019–2021HungarianBarbara Palvin
65%
2012–2019NamibianBehati Prinsloo
65%
2015–2021AmericanJasmine Tookes
65%
2008–2014DutchDoutzen Kroes
61%
2007–2013AustralianMiranda Kerr
61%
2015–2021AmericanTaylor Hill
61%
2016–2021DanishJosephine Skriver
57%
2005–2009CzechKarolína Kurková
57%
2015–2021BrazilianLais Ribeiro
57%
2015–2019AmericanMartha Hunt
57%
2010–2018AmericanLily Aldridge
52%
2013–2015AmericanKarlie Kloss
48%
2010–2012AmericanChanel Iman
43%
2019–2021AmericanGrace Elizabeth
43%
2005–2008BrazilianIzabel Goulart
39%
2011–2014AmericanLindsay Ellingson
39%
2010BritishRosie Huntington-Whiteley
39%
2015–2021IrishStella Maxwell
39%
2010–2013AmericanErin Heatherton
35%
2007–2009AmericanMarisa Miller
35%
2005–2008CaymanianSelita Ebanks
35%
1997–2001CzechDaniela Peštová
30%
2019–2021BritishAlexina Graham
26%
1997–1998DanishHelena Christensen
26%
2015–2016PolishJac Jagaciak
26%
1996–2000DutchKaren Mulder
26%
2015–2016RussianKate Grigorieva
26%
1998–2000FrenchLaetitia Casta
26%
2019–2021BritishLeomie Anderson
26%
1998–1999ArgentinianInés Rivero
22%
1997–2000AmericanStephanie Seymour
22%
1998AmericanChandra North
17%

Score Distribution

Percentile by Number Answered

Percent of People with Each Score

Your Score History

You have not taken this quiz